000 00381nam a2200145Ia 4500
008 230917s9999||||xx |||||||||||||| ||und||
040 _e71556
_aMAIN
041 _aEnglish
082 _a973.92 D853I
100 _aDubofsky, Melvyn
245 0 _aImperial democrac;y: the United states since 1945
260 _aNew Jersy
_bPrentiice-hall
_c1983
300 _ax, 278 p.
942 _cBK
999 _c36049
_d36049